[Event "Klubbmesterskapet 2017 (B)"]
[Site "Ås, Akershus NOR"]
[Date "2017.03.02"]
[Round "6"]
[White "Petersen, Rune J"]
[Black "Lange, Magnus Øyvind"]
[Result "1-0"]
[WhiteElo "875"]
[BlackElo "868"]
[Annotator "Lea, Per"]
[PlyCount "61"]
[EventDate "2017.01.12"]

1. d4 d5 2. Nf3 Nc6 3. e3 Nf6 4. Nc3 g6 5. Be2 Bg7 6. Bd2 Bg4 7. O-O O-O 8. Ne5
Bxe2 9. Nxe2 Nxe5 10. dxe5 Ne4 11. f4 f6 12. e6 f5 13. c3 Rf6 14. b4 Rxe6 15.
Nd4 Ra6 16. a4 e5 17. fxe5 Bxe5 18. b5 Bxh2+ {Et friskt forsøk, men dessverre
for svart blir det for få brikker med i angrepet} ({Etter} 18... Rd6 {står
svart klart best: bøndene på c3 og e3 er svake, og står i tillegg i veien for
løperen på d2.}) 19. Kxh2 Qh4+ 20. Kg1 Ng3 {Fristende - men svart betaler en
alt for høy pris. Selv om noen av de hvite brikkene står i veien for hverandre,
klarer ikke dronning pluss springer å få inn det avgjørende angrepet.} 21. bxa6
Qh1+ 22. Kf2 Ne4+ 23. Ke2 Qxg2+ 24. Kd3 Nf2+ {Svart tenkte kanskje ikke på at
hvit kunne gi tilbake en kvalitet her?} ({Svart kunne kanskje prøvd} 24... Nc5+
25. Kc2 Qe4+ 26. Kb2 bxa6 27. Qf3 Rb8+ 28. Ka3 Rb3+ 29. Ka2 {men dessverre for
svart dekker den hvite springeren på d4 for en dronningmatt på c2}) 25. Rxf2
Qe4+ 26. Ke2 Qg4+ 27. Ke1 Qg1+ 28. Ke2 Qg4+ 29. Nf3 Qc4+ 30. Ke1 Re8 31. axb7
1-0

[Event "Klubbmesterskapet 2017 (B)"]
[Site "Ås, Akershus NOR"]
[Date "2017.03.15"]
[Round "6"]
[White "Thowsen, Alf Geir"]
[Black "Naasen, Nils"]
[Result "0-1"]
[WhiteElo "1188"]
[BlackElo "1320"]
[PlyCount "74"]
[EventDate "2017.01.12"]

1. d4 d5 2. c4 e5 3. dxe5 d4 4. Nf3 Nc6 5. e3 Bb4+ 6. Bd2 dxe3 7. fxe3 Bg4 8.
Be2 Bxf3 9. Bxf3 Qh4+ 10. g3 Qxc4 11. b3 Qc5 12. Bxc6+ Qxc6 13. Kf2 Bxd2 14.
Nxd2 O-O-O 15. Rc1 Qd7 16. Rc2 Ne7 17. Qc1 Nc6 18. Nc4 Qf5+ 19. Ke2 Nxe5 20.
Nxe5 Qxe5 21. Rf1 f6 22. Rf4 Rhe8 23. Rxc7+ Kb8 $4 (23... Qxc7 24. Rc4 Rd7 25.
Rxc7+ Rxc7 26. Qd1 b6 {og svart står litt bedre}) 24. Rxb7+ $1 Ka8 (24... Kxb7
$4 25. Rb4+ Ka8 26. Qc6#) 25. Rc7 $2 (25. Rxa7+ $1 Kxa7 26. Ra4+ Kb6 27. Rb4+
Ka6 28. Qa3+ Qa5 29. Ra4 Rd5 30. b4) 25... Qh5+ 26. Kf1 $2 (26. Kf2) 26... Rd1+
27. Qxd1 Qxd1+ 28. Kg2 Qe2+ 29. Kh3 Qh5+ 30. Rh4 Qf5+ 31. Kg2 Rxe3 32. Rf4 Re2+
33. Kf3 Qd3+ 34. Kg4 h5+ 35. Kxh5 Rxh2+ 36. Kg4 Qe2+ 37. Kf5 Qe5+ 0-1

[Event "Klubbmesterskapet 2017 (A)"]
[Site "Ås, Akershus NOR"]
[Date "2017.02.16"]
[Round "7"]
[White "Moberg, Jan Rune"]
[Black "Andersen, Odd"]
[Result "1-0"]
[WhiteElo "1529"]
[BlackElo "1611"]
[PlyCount "123"]
[EventDate "2017.01.12"]

1. d4 Nf6 2. c4 c6 3. Nf3 d5 4. Nc3 a6 5. Bf4 e6 6. e3 Bb4 7. Nd2 O-O 8. Qc2
Re8 9. Bg5 Nbd7 10. cxd5 exd5 11. Bd3 Nf8 12. O-O Bd6 13. e4 dxe4 14. Ndxe4 Be7
15. Rad1 Nxe4 16. Bxe7 Qxe7 17. Rde1 Qd6 18. Bxe4 Bg4 19. d5 cxd5 20. Bxd5 Rxe1
21. Rxe1 Rb8 22. Qe4 Be6 23. Bxe6 Qxe6 24. Rd1 Re8 25. Qxe6 Rxe6 26. Kf1 f6 27.
f3 Kf7 28. Ne4 Ke7 29. Nc5 Rb6 30. Rd2 Kf7 31. Kf2 Rb5 32. Ne4 Rb6 33. b3 h6
34. g3 Rc6 35. Nd6+ Kg6 36. Nxb7 Ne6 37. Na5 Rc3 38. Nc4 Ng5 39. Ne3 Rc6 40.
Nc4 a5 41. h4 Nf7 42. Nxa5 Rc3 43. Nc4 h5 44. Ke2 Nh6 45. Ne3 Rc1 46. Rd1 Rc3
47. Kd2 Rc8 48. a4 Nf7 49. Nc4 Kf5 50. Ke3 Re8+ 51. Kf2 g5 52. hxg5 fxg5 53. a5
h4 54. gxh4 gxh4 55. Rd5+ Kg6 56. f4 Rb8 57. a6 Rxb3 58. a7 Rc3 59. Rd4 Nh6 60.
Ne5+ Kf5 61. a8=Q Rc2+ 62. Ke1 1-0

[Event "Klubbmesterskapet 2017 (A)"]
[Site "Ås, Akershus NOR"]
[Date "2017.03.09"]
[Round "7"]
[White "Lea, Per"]
[Black "Bø, Martin"]
[Result "0-1"]
[WhiteElo "1533"]
[BlackElo "1285"]
[Annotator "Lea, Per"]
[PlyCount "36"]
[EventDate "2017.01.12"]

1. e4 c5 2. Nf3 d6 3. d4 cxd4 4. Nxd4 Nf6 5. Nc3 g6 6. Be3 Bg7 7. f3 O-O 8. Qd2
Nc6 9. O-O-O d5 10. Nxc6 bxc6 11. exd5 Nxd5 12. Nxd5 cxd5 13. Qxd5 Qc7 14. Qxa8
Bf5 15. Qxf8+ Kxf8 16. Rd2 Qb8 17. c3 $4 (17. b3 {med omtrent like sjanser})
17... Bxc3 $1 18. bxc3 $4 {Alt annet taper selvfølgelig også...} Qb1# 0-1

[Event "Klubbmesterskapet 2017 (A)"]
[Site "Ås, Akershus NOR"]
[Date "2017.03.09"]
[Round "7"]
[White "Kielland-Lund, Jon"]
[Black "Lund, Petter"]
[Result "1-0"]
[WhiteElo "1499"]
[BlackElo "1583"]
[PlyCount "63"]
[EventDate "2017.01.12"]

1. c4 e5 2. Nc3 Nf6 3. Nf3 c6 4. Nxe5 Bb4 5. g3 d5 6. cxd5 cxd5 7. Qa4+ Nfd7 8.
Nxd7 Nc6 9. Ne5 Qa5 10. Qxa5 Bxa5 11. Nxc6 bxc6 12. Bg2 Bb7 13. O-O O-O 14. d4
Ba6 15. Re1 Rfe8 16. e3 Rad8 17. Bf1 Bc8 18. Bd2 h5 19. Ne4 Bc7 20. Nc5 Rd6 21.
e4 Rg6 22. exd5 Rd8 23. Bg2 h4 24. Be4 f5 25. Bg2 hxg3 26. hxg3 f4 27. Ne6 fxg3
28. f4 Bxe6 29. dxe6 Re8 30. Bxc6 Rexe6 31. Rxe6 Rxe6 32. Bd5 1-0

[Event "Klubbmesterskapet 2017 (A)"]
[Site "Ås, Akershus NOR"]
[Date "2017.03.09"]
[Round "7"]
[White "Ruud, Kjetil"]
[Black "Lange, Holger"]
[Result "1-0"]
[WhiteElo "1527"]
[BlackElo "1598"]
[PlyCount "91"]
[EventDate "2017.01.12"]

1. e4 Nf6 2. e5 Nd5 3. c4 Nb6 4. d4 d6 5. f4 dxe5 6. fxe5 Bf5 7. Nf3 e6 8. a3
Nc6 9. Be2 Be7 10. Nc3 Bg4 11. d5 Bxf3 12. Bxf3 Nxe5 13. O-O exd5 14. Nxd5 Nxd5
15. Bxd5 c6 16. Qh5 Bf6 17. Bf4 O-O 18. Bxe5 g6 19. Bxf6 Qb6+ 20. Kh1 gxh5 21.
Rf3 h4 22. Rf4 h5 23. Be4 Rfe8 24. Rf5 Re6 25. Rg5+ Kf8 26. Bg7+ Ke7 27. c5 Qc7
28. Bf5 Qf4 29. Rxh5 Rg8 30. Bxe6 Rxg7 31. Bc8 Kd8 32. Rh8+ Kc7 33. Rd1 f6 34.
Be6 b6 35. Rc8+ Kb7 36. Rcd8 Qf2 37. Bc8+ Kc7 38. cxb6+ Kxb6 39. R8d2 Qe3 40.
Bf5 Re7 41. h3 Qg3 42. Rf1 Re1 43. Rd1 Re2 44. Rg1 Rxb2 45. Rd3 Qf4 46. Rf3 {
Svart tapte på tid} 1-0

[Event "Klubbmesterskapet 2017 (A)"]
[Site "Ås, Akershus NOR"]
[Date "2017.03.30"]
[Round "7"]
[White "Furnes, Torstein"]
[Black "Støle, Andreas"]
[Result "0-1"]
[WhiteElo "1565"]
[BlackElo "1632"]
[Annotator "Furnes, Torstein"]
[PlyCount "80"]
[EventDate "2017.01.12"]

1. d4 Nf6 2. c4 e6 3. Nc3 Bb4 4. Qc2 b6 5. a3 (5. e4) 5... Bxc3+ 6. Qxc3 Ne4 7.
Qc2 Bb7 8. Nf3 f5 9. Bf4 d6 10. h4 Nd7 11. Ng5 Qe7 12. Nxe4 Bxe4 13. Qc3 Nf6
14. e3 Bb7 15. b4 O-O 16. Bg5 h6 17. Bxf6 Qxf6 18. Rh2 f4 19. exf4 Qxf4 20. g3
Qg4 21. Bh3 Qg6 22. Qe3 Rae8 23. Bg2 $2 $19 (23. h5) 23... Bxg2 24. Rxg2 e5 25.
d5 e4 26. Rd1 $2 (26. Kf1) 26... Rf3 27. Qe2 ({Å prøve å redde a-bonden med} 
27. Qc1 $4 {taper raskt etter} e3) 27... Rxa3 (27... Qh5 {fulgt av e3 vinner
raskest.}) 28. h5 Qf7 29. g4 Rf3 30. Rg3 Re5 31. Rd4 Qe7 32. Kd1 Rf4 33. Re3
Qf6 34. Ke1 (34. Rd2 Qh4 35. Ra2 Rxg4) 34... Qh4 35. Rg3 $2 Qh1+ ({Svart
vinner raskest med} 35... e3 36. Rxf4 exf2+) 36. Qf1 Qh4 37. Qe2 Rf3 (37... e3)
38. Rxe4 $2 {Taper tårn, men stillingen var uansett tapt.} Rxg3 39. fxg3 Qh1+
40. Kd2 Qxe4 0-1

[Event "Klubbmesterskapet 2017 (B)"]
[Site "Ås, Akershus NOR"]
[Date "2017.03.09"]
[Round "7"]
[White "Naasen, Nils"]
[Black "Garmark, Vegard"]
[Result "1-0"]
[WhiteElo "1320"]
[BlackElo "1217"]
[PlyCount "71"]
[EventDate "2017.01.12"]

1. e4 d5 2. exd5 Nf6 3. d4 Nxd5 4. Nf3 Bf5 5. c3 e6 6. Be2 Be7 7. O-O O-O 8.
Re1 c5 9. Nbd2 cxd4 10. Nxd4 Bg6 11. N2f3 Nd7 12. Bd3 Bxd3 13. Qxd3 Rc8 14. Bd2
N5f6 15. Rad1 Qb6 16. b4 Rfd8 17. Qe2 Nd5 18. c4 Nxb4 19. Rb1 Bc5 20. Bc3 Qa5
21. Qd2 Bxd4 22. Qxd4 Nf6 23. Bxb4 Qxa2 24. Qb2 Qxb2 25. Rxb2 Rxc4 26. Be7 Rd7
27. Ne5 Rxe7 28. Nxc4 g6 29. Rd1 Nd5 30. Na5 b6 31. Nc6 Rb7 32. g3 Kf8 33. Rd3
Ke8 34. Nb4 Ne7 35. Rbd2 a5 36. Rd8# 1-0

[Event "Klubbmesterskapet 2017 (B)"]
[Site "Ås, Akershus NOR"]
[Date "2017.03.09"]
[Round "7"]
[White "Thowsen, Alf Geir"]
[Black "Aalmo, Alexander"]
[Result "0-1"]
[WhiteElo "1188"]
[BlackElo "1183"]
[PlyCount "68"]
[EventDate "2017.01.12"]

1. d4 f5 2. c4 e6 3. Nc3 Nf6 4. Nf3 d5 5. Bg5 c6 6. e3 Nbd7 7. Be2 Bd6 8. O-O
O-O 9. cxd5 cxd5 10. Rc1 h6 11. Bf4 Bxf4 12. exf4 a6 13. Ne5 Qe8 14. Re1 Ne4
15. Bh5 Qd8 16. Nxe4 Nxe5 17. fxe5 fxe4 18. Rc3 Bd7 19. Qg4 g5 20. h4 Rf4 21.
Qe2 Bb5 22. Qd1 gxh4 23. g3 Qg5 24. Qd2 Raf8 25. Bd1 Bd3 26. Re3 Rxf2 27. Qxf2
Rxf2 28. Kxf2 Qf5+ 29. Ke1 Qf1+ 30. Kd2 Qf2+ 31. Be2 h3 32. Rc8+ Kg7 33. Rc7+
Kg6 34. Rc8 h2 0-1

[Event "Klubbmesterskapet 2017 (B)"]
[Site "Ås, Akershus NOR"]
[Date "2017.03.16"]
[Round "7"]
[White "Midtgard, Anders"]
[Black "Petersen, Rune J"]
[Result "1-0"]
[WhiteElo "1125"]
[BlackElo "875"]
[PlyCount "75"]
[EventDate "2017.01.12"]

1. d4 d5 2. c4 e6 3. Nc3 Nf6 4. cxd5 exd5 5. Bg5 Be7 6. Qc2 Ne4 $2 7. Bxe7 Kxe7
(7... Qxe7 8. Nxd5 $18) 8. Nxe4 dxe4 9. Qxe4+ Be6 10. Qxb7 Bd5 11. Qb4+ Qd6 12.
Qxd6+ Kxd6 13. Nf3 Nc6 14. a3 Bxf3 15. gxf3 Nxd4 16. Rd1 c5 17. e3 Rhe8 18. Be2
Kd5 19. exd4 cxd4 20. Kf1 Rab8 21. b4 g5 22. Rg1 f5 23. Rxg5 Rf8 24. Rc1 Rbc8
25. Rxc8 Rxc8 26. Rxf5+ Ke6 27. Rc5 Rxc5 28. bxc5 Kd5 29. Ke1 Kxc5 30. Kd2 Kd6
31. Kd3 Ke5 32. f4+ Kxf4 33. Kxd4 Kg5 34. Ke5 h5 35. f4+ Kg6 36. f5+ Kg5 37. f6
h4 38. f7 1-0

[Event "Klubbmesterskapet 2017 (B)"]
[Site "Ås, Akershus NOR"]
[Date "2017.03.09"]
[Round "7"]
[White "Sandvik, Sander"]
[Black "Rønbeck, Bjørn"]
[Result "1-0"]
[WhiteElo "1145"]
[BlackElo "1168"]
[PlyCount "75"]
[EventDate "2017.01.12"]

1. e4 c5 2. Nc3 d6 3. Bb5+ Bd7 4. Bxd7+ Qxd7 5. d3 h6 6. a4 Nc6 7. a5 a6 8. Nd5
Rb8 9. f4 e6 10. Nb6 Qc7 11. Nf3 Nxa5 12. Rxa5 Qxb6 13. Ra3 Ne7 14. Qe2 Nc6 15.
Rb3 Qc7 16. c3 b5 17. Ra3 a5 18. O-O Be7 19. f5 e5 20. g4 Qd8 21. Kg2 f6 22.
Nh4 b4 23. Ra1 Kd7 24. Ng6 Rh7 25. Be3 Bf8 26. Rfd1 Ra8 27. d4 cxd4 28. cxd4
exd4 29. Bxd4 d5 30. Qb5 Rb8 31. Qxd5+ Kc7 32. Qf7+ Kc8 33. Rac1 Qd7 34. Qxf8+
Kb7 35. Qc5 Rc8 36. Qb6+ Ka8 37. Qa6+ Kb8 38. Be5+ 1-0

[Event "Klubbmesterskapet 2017 (B)"]
[Site "Ås, Akershus NOR"]
[Date "2017.03.09"]
[Round "7"]
[White "Stensland, Martin"]
[Black "Samset, Jon"]
[Result "0-1"]
[WhiteElo "1082"]
[BlackElo "1069"]
[PlyCount "46"]
[EventDate "2017.01.12"]

1. Nf3 g6 2. Nc3 a6 3. a3 Bg7 4. d4 Nf6 5. h3 O-O 6. e3 b5 7. Be2 Bb7 8. O-O
Ne4 9. Nxe4 Bxe4 10. Ng5 Bb7 11. Bf3 d5 12. Be2 e5 13. Nf3 e4 14. Nd2 Qh4 15.
f3 Bh6 16. Nb3 Nd7 17. fxe4 dxe4 18. Bd2 Rad8 19. Be1 Bxe3+ 20. Kh1 Qh6 21. Bd2
Bxd2 22. Qxd2 e3 23. Qe1 Qxh3+ 0-1

[Event "Klubbmesterskapet 2017 (A)"]
[Site "Ås, Akershus NOR"]
[Date "2017.03.23"]
[Round "8"]
[White "Andersen, Odd"]
[Black "Lange, Holger"]
[Result "0-1"]
[WhiteElo "1611"]
[BlackElo "1598"]
[PlyCount "74"]
[EventDate "2017.01.12"]

1. e4 Nf6 2. Nc3 d5 3. exd5 Nxd5 4. Nf3 Bg4 5. d4 e6 6. Be2 Bb4 7. Bd2 O-O 8.
Nxd5 Bxd2+ 9. Qxd2 Qxd5 10. O-O Nc6 11. Rfd1 Rad8 12. c3 Rfe8 13. Qf4 Bxf3 14.
Bxf3 Qd7 15. c4 Nxd4 16. Kf1 e5 17. Qe4 c6 18. Rd2 Qe6 19. b3 Nxf3 20. Rxd8
Nxh2+ 21. Kg1 Rxd8 22. Kxh2 f5 23. Qe3 e4 24. Re1 Qd6+ 25. g3 Qd2 26. Qe2 Qh6+
27. Kg2 Rd2 28. Qf1 Rxa2 29. c5 Qe6 30. b4 Rd2 31. Kg1 Qd5 32. b5 Qxc5 33. bxc6
Qxc6 34. Rc1 Qd5 35. Qe1 Qd4 36. Rb1 b5 37. Kf1 b4 0-1

[Event "Klubbmesterskapet 2017 (A)"]
[Site "Ås, Akershus NOR"]
[Date "2017.03.23"]
[Round "8"]
[White "Støle, Andreas"]
[Black "Ruud, Kjetil"]
[Result "0-1"]
[WhiteElo "1632"]
[BlackElo "1527"]
[PlyCount "74"]
[EventDate "2017.01.12"]

1. e4 Nc6 2. d4 e5 3. dxe5 Nxe5 4. Nf3 Qf6 5. Nxe5 Qxe5 6. Nd2 d5 7. Bd3 dxe4
8. Qe2 f5 9. O-O Bd6 10. Nf3 Qe7 11. Bg5 exf3 12. Qd2 Qf7 13. Rfe1+ Ne7 14.
Bb5+ Kf8 15. Bxe7+ Bxe7 16. Rxe7 Kxe7 17. Qb4+ Kf6 18. Qc3+ Kg6 19. Qxf3 c6 20.
Qg3+ Kh6 21. Qf4+ g5 22. Qd4 Be6 23. Bd3 Rhd8 24. Qe5 Rd5 25. Qe2 Rad8 26. Re1
R5d6 27. Qe3 a6 28. h4 Qf6 29. hxg5+ Qxg5 30. Qe5 Bd5 31. Qh2+ Kg6 32. Re3 Kf6
33. Qe5+ Kf7 34. Rg3 Qf6 35. Qe2 Qh6 36. Rh3 Qg7 37. Bxf5 Qxg2# 0-1

[Event "Klubbmesterskapet 2017 (A)"]
[Site "Ås, Akershus NOR"]
[Date "2017.03.23"]
[Round "8"]
[White "Lund, Petter"]
[Black "Furnes, Torstein"]
[Result "0-1"]
[WhiteElo "1583"]
[BlackElo "1565"]
[PlyCount "84"]
[EventDate "2017.01.12"]

1. c4 e5 2. g3 Nf6 3. Bg2 Nc6 4. a3 a5 5. Nc3 Bc5 6. e3 O-O 7. Nge2 Re8 8. O-O
e4 9. b3 d6 10. d4 exd3 11. Qxd3 Bg4 12. Bb2 Ne5 13. Qc2 Bf3 14. Nd4 Bxg2 15.
Kxg2 Qd7 16. Qf5 Qxf5 17. Nxf5 Nd3 18. Na4 Nxb2 19. Nxb2 Ne4 20. Nd3 Nd2 21.
Nxc5 Nxf1 22. Nd3 Nd2 23. Nc1 a4 24. b4 Nxc4 25. Nd3 g6 26. Nd4 c6 27. h4 Kg7
28. Nc2 b5 29. Rh1 h5 30. Re1 Kf6 31. f3 Re7 32. e4 d5 33. Nc5 dxe4 34. Nxe4+
Kg7 35. Rd1 f5 36. Nc3 Ne3+ 37. Nxe3 Rxe3 38. Rd7+ Kg8 39. Nd1 Rxa3 40. Rd6 Rb3
41. Rxg6+ Kf7 42. Rh6 a3 0-1

[Event "Klubbmesterskapet 2017 (A)"]
[Site "Ås, Akershus NOR"]
[Date "2017.03.23"]
[Round "8"]
[White "Moberg, Jan Rune"]
[Black "Lea, Per"]
[Result "1/2-1/2"]
[WhiteElo "1529"]
[BlackElo "1533"]
[Annotator "Lea, Per"]
[PlyCount "114"]
[EventDate "2017.01.12"]

1. d4 d5 2. c4 e6 3. Nf3 Nf6 4. Nc3 c6 5. a4 a5 6. e3 Nbd7 7. Be2 Bd6 8. O-O
O-O 9. b3 dxc4 10. bxc4 e5 11. Qc2 Re8 12. dxe5 Nxe5 13. Nxe5 Bxe5 14. Ba3 Be6
15. Rad1 Qb6 16. Rb1 Qa7 17. Rfd1 Rad8 18. Ne4 Qb8 19. Nxf6+ Bxf6 20. f4 Bc8 (
20... Qa7 21. c5 Bd5) 21. Bf3 Rxd1+ 22. Rxd1 Rxe3 23. Bd6 Qa7 24. c5 Re8 25. g4
Qa8 26. g5 Bd8 27. Be4 g6 28. h4 Bg4 29. Rf1 Qc8 30. f5 Bh5 (30... gxf5 31.
Rxf5 $1 Bh5 (31... Bxf5 $2 32. Bxf5 Qa8 $4 33. Qd1 Qa6 34. Bd3 Qa8 35. Qh5 Re1+
36. Kf2 Re8 37. Qxh7#) 32. Rf4 Bg6 33. Bxg6 hxg6 34. Re4) 31. Rf4 Bc7 32. fxg6
hxg6 33. Qc4 Qd7 34. Qd4 Bxd6 (34... b6 $1) 35. Qxd6 Qxd6 36. cxd6 Rd8 37. Rf6
Bg4 38. Kf2 Be6 $2 (38... Bd1) 39. Bxg6 $1 fxg6 40. Rxg6+ Kf7 41. Rf6+ Kg7 42.
Rxe6 {Sluttspillet er vunnet for hvit i følge Stockfish} b5 43. axb5 cxb5 44.
Ke3 (44. h5 $1 b4 45. h6+ Kf7 46. Re7+ Kg6 47. Rg7+ Kh5 48. h7 Rh8 49. d7 b3
50. d8=Q Rxd8 51. Rg8 {1-0}) 44... a4 45. Kd2 b4 46. Kc2 Rd7 47. Re4 (47. h5 $1
b3+ 48. Kb2 Kf7 49. Rf6+ Kg7 50. h6+ Kh7 51. Re6 Rd8 52. Re7+ Kg6 53. Rg7+ Kf5
54. h7 {1-0}) 47... b3+ 48. Kb2 Rxd6 49. Rxa4 Rd3 50. h5 Rh3 51. Ra7+ Kg8 52.
h6 Rh5 53. Ra5 Rh3 54. Rb5 Rg3 55. Ka3 Kh8 56. Ka4 b2 57. Rxb2 Rxg5 1/2-1/2

[Event "Klubbmesterskapet 2017 (B)"]
[Site "Ås, Akershus NOR"]
[Date "2017.03.23"]
[Round "8"]
[White "Naasen, Nils"]
[Black "Simonsen, Steinar"]
[Result "0-1"]
[WhiteElo "1320"]
[BlackElo "1218"]
[PlyCount "132"]
[EventDate "2017.01.12"]

1. e4 e5 2. Nf3 Nc6 3. Bb5 a6 4. Ba4 d6 5. O-O Bd7 6. c3 Nf6 7. Re1 Be7 8. d4
O-O 9. dxe5 Nxe5 10. Bxd7 Nfxd7 11. Bf4 Ng6 12. Bg3 Nde5 13. Qe2 Bf6 14. Nbd2
Re8 15. Nc4 b5 16. Ncxe5 Nxe5 17. Nxe5 Bxe5 18. f4 Bf6 19. Rad1 Bh4 20. Qf3
Bxg3 21. Qxg3 Qf6 22. e5 dxe5 23. fxe5 Qe6 24. b3 Rad8 25. Qe3 Rxd1 26. Rxd1 f6
27. Qa7 Qxe5 28. Qd4 Qe3+ 29. Qxe3 Rxe3 30. Rd8+ Kf7 31. Rd7+ Re7 32. Rd2 c5
33. Kf2 a5 34. Rd5 Rc7 35. b4 Ke6 36. Rd2 axb4 37. cxb4 cxb4 38. Ke2 Ke5 39.
Kd1 Rc5 40. Re2+ Kf5 41. Rf2+ Kg5 42. Rd2 f5 43. Rd4 b3 44. axb3 Rc3 45. Rb4
Rc5 46. Kd2 h5 47. Rd4 f4 48. h3 Kf5 49. b4 Re5 50. Rd6 g5 51. Rd8 h4 52. Rd3
Ke4 53. Ke2 Rd5 54. Rb3 Kd4 55. Kf3 Kc4 56. Rb2 Kc3 57. Rb1 Rd3+ 58. Kf2 Rd2+
59. Kf3 Rb2 60. Rg1 Rxb4 61. Kg4 Kc2 62. Re1 Rd4 63. Kxg5 b4 64. Kxh4 b3 65.
Re8 b2 66. Rb8 b1=Q 0-1

[Event "Klubbmesterskapet 2017 (B)"]
[Site "Ås, Akershus NOR"]
[Date "2017.03.23"]
[Round "8"]
[White "Petersen, Rune J"]
[Black "Stensland, Martin"]
[Result "0-1"]
[WhiteElo "875"]
[BlackElo "1082"]
[PlyCount "74"]
[EventDate "2017.01.12"]

1. d4 d5 2. Nf3 Nc6 3. e3 Nf6 4. c4 Bf5 5. Nc3 Nb4 6. Qa4+ Nc6 7. cxd5 Nxd5 8.
Ne5 Nxc3 9. bxc3 Bd7 10. Nxd7 Qxd7 11. Be2 e6 12. O-O Be7 13. Bb2 O-O 14. Bf3
Rab8 15. c4 Qe8 16. c5 f6 17. Bc3 Kh8 18. Rfb1 Nd8 19. Qc4 Qg6 20. Rb3 e5 21.
dxe5 fxe5 22. Be4 Qf6 23. f3 Qg5 24. Bd2 c6 25. Qd3 g6 26. Qc2 Ne6 27. Bxc6
bxc6 28. Rxb8 Rxb8 29. Rb1 Rf8 30. e4 Nf4 31. Bxf4 exf4 32. Qc3+ Bf6 33. Qc4 h5
34. Rb7 a5 35. Rc7 Rd8 36. Qb3 Qxc5+ 37. Kh1 Qc1+ 0-1

[Event "Klubbmesterskapet 2017 (B)"]
[Site "Ås, Akershus NOR"]
[Date "2017.03.30"]
[Round "8"]
[White "Aalmo, Alexander"]
[Black "Sandvik, Sander"]
[Result "1-0"]
[WhiteElo "1183"]
[BlackElo "1145"]
[Annotator "Lea, Per"]
[PlyCount "55"]
[EventDate "2017.01.12"]

1. d4 Nf6 2. Nf3 e6 3. Bg5 h6 4. Bh4 c5 5. e3 b6 6. Bb5 Be7 7. O-O O-O 8. c3
Bb7 9. dxc5 bxc5 10. Be2 d6 11. Na3 Ne4 12. Bxe7 Qxe7 13. Qc2 Ng5 14. Rad1
Nxf3+ 15. Bxf3 Bxf3 16. gxf3 d5 17. e4 Qg5+ 18. Kh1 Nd7 19. Rg1 Qf4 20. Rg3 Nb6
21. Rdg1 g5 22. Qe2 f5 23. exd5 exd5 24. Qe6+ Kg7 25. Rh3 Rf6 26. Qe7+ Rf7 27.
Qxc5 Qd2 (27... Rc8 28. Qe3 Qxe3 29. fxe3 Re7 30. f4 g4 31. Rhg3 Na4 32. Rd1
Nxb2 33. Rxd5 Rxc3 34. Nb5 Rcxe3 35. Nd4 Re1+ 36. Rg1 Rxg1+ 37. Kxg1 Re4 38.
Rd7+ Kg6 39. Rd6+ Kg7 (39... Kf7 40. Nxf5 h5) 40. Nxf5+ Kf7) 28. Qd4+ {Her
spilte svart 28...Kg7xd4, hvilket ikke er helt lovlig. Siden kongen ble rørt,
må den følgelig flyttes, og uansett hvor den går, spiller hvit 29.Dd4xd2} 1-0

[Event "Klubbmesterskapet 2017 (B)"]
[Site "Ås, Akershus NOR"]
[Date "2017.03.30"]
[Round "8"]
[White "Rønbeck, Bjørn"]
[Black "Thowsen, Alf Geir"]
[Result "0-1"]
[WhiteElo "1168"]
[BlackElo "1188"]
[Annotator "Lea, Per"]
[PlyCount "78"]
[EventDate "2017.01.12"]

1. e4 e6 2. d4 d5 3. e5 c5 4. c3 cxd4 5. cxd4 Nc6 6. Nf3 Be7 7. Bb5 Qa5+ 8. Nc3
Bb4 9. Bxc6+ bxc6 10. Bd2 Nh6 11. O-O Nf5 12. a3 Bxc3 13. Bxc3 Qb6 14. b4 O-O
15. Qd2 Ba6 16. Rfc1 Bc4 17. Qf4 Qd8 18. Nd2 Ba6 19. Nb3 Bc4 20. Na5 Rc8 21.
Nxc4 dxc4 22. Ra2 Ne7 23. Qd2 Nd5 24. Ba1 Nb6 25. a4 Nd5 26. Rxc4 f6 27. Rac2
fxe5 28. Rxc6 Rxc6 29. Rxc6 Qa8 $2 (29... Nf4 $11) 30. b5 Qb7 31. dxe5 Nf4 32.
Bd4 a6 33. Qb2 axb5 34. axb5 Rb8 35. g3 Ng6 36. Qb3 $4 (36. Rb6 Qa8 37. Rxb8+
Qxb8 38. b6 Qb7 39. Qa2 Nf8 40. Qa7 Qd5 41. b7 Nd7 42. b8=Q+ Nxb8 43. Qxb8+ Kf7
44. Qd6 $18) 36... Qxc6 37. b6 Ne7 38. f4 Nd5 39. f5 exf5 0-1

[Event "Klubbmesterskapet 2017 (B)"]
[Site "Ås, Akershus NOR"]
[Date "2017.04.04"]
[Round "8"]
[White "Garmark, Vegard"]
[Black "Midtgard, Anders"]
[Result "0-1"]
[WhiteElo "1217"]
[BlackElo "1125"]
[Annotator "Lea, Per"]
[PlyCount "78"]
[EventDate "2017.01.12"]

1. e4 c5 2. c3 Nf6 3. e5 Nd5 4. d4 cxd4 5. Nf3 e6 6. cxd4 Qc7 {Ungdommen nå
til dags! Lirer av seg lange teorivarianter i obskure åpninger. Eller er de
bare så gode at de intuitivt velger det fornuftigste?} ({På ChessBase.com
fortsetter ca 95% av partiene med} 6... d6) ({eller} 6... b6) 7. Bd3 b6 8. Bd2
Bb4 9. a3 ({Ikke så lett å se at} 9. Nc3 {er sjanserikt. En mulig fortsettelse:
} Nxc3 10. bxc3 Bxc3 11. Rc1 Bxd2+ 12. Nxd2 Qd8 13. Ne4 O-O 14. Nf6+ gxf6 15.
Bxh7+ Kxh7 16. Qh5+ Kg8 17. Qg4+ Kh7 18. Rc3 f5 19. Rh3+ Qh4 20. Rxh4# {Svart
kunne spilt bedre, men ville fått problemer selv med beste motspill}) 9...
Bxd2+ 10. Qxd2 h6 11. Nc3 Nxc3 12. bxc3 (12. Rc1 {gir en ørliten fordel. Etter
teksttrekket er stillingen helt lik i flg Stockfish.}) 12... Bb7 13. Rc1 O-O
14. Qe3 d6 15. O-O Nd7 {Nå er fordelen i ferd med å vippe i svarts fordel} 16.
exd6 Qxd6 17. c4 $2 (17. a4 {er sterkere.}) 17... Rac8 ({Svart ville aldri
falle for} 17... Qxa3 $4 18. Bh7+ Kxh7 19. Qxa3 {1-0}) 18. Rc3 Rfe8 19. Re1
Bxf3 $1 {Endelig! Dette kunne svart ha gjort allerede i trekk 17.} 20. Qxf3 (
20. gxf3 {beholder i hvert fall d-bonden}) 20... Qxd4 21. Rec1 Ne5 22. Qe4 Qxe4
23. Bxe4 Red8 24. f4 Nd7 25. f5 Nc5 26. Bc2 Rd4 27. fxe6 Nxe6 28. Bf5 Rc6 29.
Kf2 Rf4+ 30. Rf3 Rxf3+ ({Hvorfor ikke forsyne seg med enda en bonde:} 30...
Rcxc4) 31. gxf3 Kf8 32. Ke3 Ke7 33. Be4 Rc5 34. Bd5 Ra5 35. Rc3 Nc5 36. Kd4
Ne6+ 37. Ke3 g5 38. Ke4 Nf4 39. Kd4 $4 {Fort gjort ...} Ne2+ 0-1